|
|
|
|
| LEADER |
01665cas a2200241 a 4500 |
| 001 |
AALejournalIMF008609 |
| 008 |
230101c9999 xx r poo 0 0eng d |
| 020 |
|
|
|c 5.00 USD
|
| 020 |
|
|
|z 9781451834888
|
| 022 |
|
|
|a 1934-7685
|
| 040 |
|
|
|a BD-DhAAL
|c BD-DhAAL
|
| 110 |
2 |
|
|a International Monetary Fund.
|
| 245 |
1 |
0 |
|a Singapore :
|b Staff Report for the 2003 Article IV Consultation.
|
| 264 |
|
1 |
|a Washington, D.C. :
|b International Monetary Fund,
|c 2004.
|
| 300 |
|
|
|a 1 online resource (49 pages)
|
| 490 |
1 |
|
|a IMF Staff Country Reports
|
| 500 |
|
|
|a <strong>Off-Campus Access:</strong> No User ID or Password Required
|
| 500 |
|
|
|a <strong>On-Campus Access:</strong> No User ID or Password Required
|
| 506 |
|
|
|a Electronic access restricted to authorized BRAC University faculty, staff and students
|
| 520 |
3 |
|
|a The economic downturns and an ongoing industrial restructuring toward capital-intensive sectors, such as chemical and pharmaceuticals, have contributed to rising unemployment. With the economic recovery continuing to gain momentum, the near-term outlook has improved. With broad agreement on the assessment of the economic outlook, the discussions focused on the appropriate policy stance and on structural reforms needed to raise Singapore's medium-term growth potential. The authorities are encouraged to develop and publish fiscal accounts, and to provide more information on the government's investment income.
|
| 538 |
|
|
|a Mode of access: Internet
|
| 830 |
|
0 |
|a IMF Staff Country Reports; Country Report ;
|v No. 2004/105
|
| 856 |
4 |
0 |
|z Full text available on IMF
|u http://elibrary.imf.org/view/journals/002/2004/105/002.2004.issue-105-en.xml
|z IMF e-Library
|